| 000 | 00518nam a2200181 a 4500 | ||
|---|---|---|---|
| 001 | 000001792 | ||
| 005 | 20200929145713.0 | ||
| 008 | 090629s1998 es 000 0 spa d | ||
| 020 | _a8427121407 | ||
| 040 | _aDO-SdBNP | ||
| 082 | _aV393s | ||
| 100 | 1 |
_aVázquez Borau, José Luis _95817 |
|
| 245 | 1 | 4 |
_aLas sectas destructivas / _cJosé Luis Vázquez Borau. |
| 260 |
_aBilbao : _bEdiciones Mensajero, _c1998. |
||
| 300 |
_a146 p. ; _c23 cm. |
||
| 500 | _aIncluye índice | ||
| 500 | _aIncluye datos al pie de páginas | ||
| 999 |
_c1669 _d1669 |
||